000 00787nam a2200229Ia 4500
003 GCL
008 140319s9999 xx 000 0 ara d
020 _a7074409953
040 _aGCL /
_cGCL
082 0 4 _a628.746
_bم ط
100 1 _aمحمد السيد ارناؤوط
245 1 0 _aطرق الاستفادة من المخلفات الزراعية /
_cمحمد السيد ارناؤوط
250 _aالاولى
260 _aبيروت :
_bاوراق شرقية للطباعة والنشر والتوزيع ،
_c2003
300 _a258 ص ؛
_c28 سم
650 0 4 _aالارشاد الزراعى
650 0 4 _aالمخلفات العضوية
650 0 4 _aالعلف
650 0 4 _aالعلف الجاف
650 0 4 _aالمخلفات الزراعية
942 _2ddc
_cBK
999 _c50861
_d50861